[Event "Krapina op 12th"]
[White "Vidic, Zoran"]
[Black "Kolednjak, Tomislav"]
[Site "Krapina"]
[Round "5"]
[Result "0-1"]
[Date "2024.01.20"]
[WhiteElo "1879"]
[BlackElo "2065"]
[PlyCount "178"]
[EventDate "2024.01.19"]
[EventType "swiss"]
[EventRounds "7"]
[EventCountry "CRO"]
[SourceTitle "CBM 218 Extra"]
[Source "ChessBase"]
[SourceDate "2024.03.31"]
[SourceVersion "1"]
[SourceVersionDate "2024.03.31"]
[SourceQuality "1"]

1. d4 d5 2. Nc3 Nf6 3. Bf4 c5 4. e3 cxd4 5. Qxd4 Nc6 6. Bb5 a6 7. Bxc6+ bxc6 8. Nf3 e6 9. 0-0 c5 10. Qd2 Be7 11. h3 0-0 12. Rfd1 Bb7 13. Qe2 Qb6 14. a4 a5 15. Qe1 Ba6 16. Rab1 Rad8 17. Bg5 h6 18. Bh4 Rfe8 19. Bg3 Qb4 20. Ne5 Rc8 21. f3 Red8 22. b3 Qb6 23. Ne2 Nd7 24. Nxd7 Rxd7 25. Be5 Bd8 26. Nf4 Bc7 27. Bxc7 Qxc7 28. Nh5 Rcd8 29. f4 Kh8 30. Qh4 Be2 31. Rd2 Bxh5 32. Qxh5 d4 33. Qf3 f6 34. e4 e5 35. f5 c4 36. bxc4 Qxc4 37. Qb3 Qc6 38. Re1 Rb7 39. Qa3 Rb4 40. c3 Qxa4 41. Qc1 Rc4 42. Qb2 Rdc8 43. cxd4 Rxd4 44. Rde2 Rcd8 45. Qb6 R4d6 46. Qb2 Qc4 47. Qa3 a4 48. Kh2 Rd4 49. Re3 Rc8 50. Qe7 Qc5 51. Qe6 Qc6 52. Qf7 Rd7 53. Qa2 Rcd8 54. Ra3 Rd4 55. Rae3 Qc4 56. Qa3 Qb4 57. Qa2 Rd2 58. Qa1 Qb2 59. Qxb2 Rxb2 60. Ra3 Rdd2 61. Rxa4 Rxg2+ 62. Kh1 Rh2+ 63. Kg1 Rxh3 64. Rd1 Rc3 65. Rda1 Kh7 66. R4a2 Rxa2 67. Rxa2 Rc4 68. Re2 h5 69. Kg2 Kh6 70. Re3 Kg5 71. Kg3 g6 72. fxg6 Kxg6 73. Kh3 f5 74. exf5+ Kxf5 75. Kg3 h4+ 76. Kh3 Rf4 77. Rb3 Kg5 78. Ra3 e4 79. Ra5+ Rf5 80. Ra4 Rf3+ 81. Kg2 Kf4 82. Rb4 Rd3 83. Ra4 Rd2+ 84. Kh3 Kf3 85. Kxh4 e3 86. Ra7 Rd4+ 87. Kh3 e2 88. Re7 Re4 89. Rf7+ Ke3 0-1

[Event "Krapina op 10th"]
[White "Mestrovic, Toni"]
[Black "Vidic, Zoran"]
[Site "Krapina"]
[Round "5"]
[Result "1-0"]
[Date "2020.01.18"]
[WhiteElo "2026"]
[BlackElo "1927"]
[PlyCount "71"]
[EventDate "2020.01.16"]
[EventType "swiss"]
[EventRounds "7"]
[EventCountry "CRO"]
[SourceTitle "CBM 194 Extra"]
[Source "ChessBase"]
[SourceDate "2020.03.31"]
[SourceVersion "1"]
[SourceVersionDate "2020.03.31"]
[SourceQuality "1"]

1. e4 e5 2. Nf3 f5 3. Nxe5 Qf6 4. d4 d6 5. Nc4 fxe4 6. Nc3 Qg6 7. f3 Be7 8. fxe4 Nh6 9. Qd3 0-0 10. Nd5 Bd8 11. Nf4 Qf7 12. Be2 Nc6 13. 0-0 Bg4 14. c3 Bxe2 15. Qxe2 Qd7 16. d5 Ne5 17. Ne6 Rxf1+ 18. Qxf1 Nhf7 19. Nxe5 dxe5 20. Be3 Bf6 21. Qf3 b6 22. Rf1 c6 23. c4 cxd5 24. exd5 Rc8 25. b3 Re8 26. g4 h6 27. Bxh6 Nxh6 28. g5 Rxe6 29. dxe6 Qd4+ 30. Kh1 Bxg5 31. Rd1 Qg4 32. Qa8+ Kh7 33. Rg1 Qh4 34. Qg2 Bf6 35. Qg6+ Kh8 36. e7 1-0

[Event "Krapina op 10th"]
[White "Vidic, Zoran"]
[Black "Mlinaric, Andrija"]
[Site "Krapina"]
[Round "4"]
[Result "1-0"]
[Date "2020.01.18"]
[WhiteElo "1927"]
[BlackElo "1831"]
[PlyCount "109"]
[EventDate "2020.01.16"]
[EventType "swiss"]
[EventRounds "7"]
[EventCountry "CRO"]
[SourceTitle "CBM 194 Extra"]
[Source "ChessBase"]
[SourceDate "2020.03.31"]
[SourceVersion "1"]
[SourceVersionDate "2020.03.31"]
[SourceQuality "1"]

1. e4 c5 2. Nc3 Nc6 3. f4 e6 4. Nf3 g6 5. Be2 Bg7 6. e5 a6 7. Ne4 Bf8 8. Nd6+ Bxd6 9. exd6 Nh6 10. b3 Qf6 11. Rb1 Qxf4 12. Bb2 0-0 13. d4 Qxd6 14. dxc5 Qxc5 15. Qc1 Nf5 16. Ba3 Qc3+ 17. Kf2 Re8 18. Rd1 Qg7 19. Bb2 Qh6 20. c4 Qxc1 21. Rbxc1 e5 22. Ng5 h6 23. Ne4 Kg7 24. c5 Nfd4 25. Bc4 a5 26. a3 f6 27. Nd6 Rf8 28. Bc3 b6 29. b4 bxc5 30. b5 Ne7 31. Bd3 a4 32. Re1 Rb8 33. Bxd4 cxd4 34. Rc4 Rb6 35. Nxc8 Rxc8 36. Rxa4 Rc3 37. Bf1 d3 38. Rb1 Nd5 39. Ra7 Kf7 40. a4 Rc2+ 41. Ke1 Nc3 42. Bxd3 Rxg2 43. Rb3 Nxa4 44. Rxa4 f5 45. Bc4+ Ke7 46. Ra6 Rxa6 47. bxa6 Ra2 48. Rb6 Ra1+ 49. Kf2 Ra4 50. Bb5 Ra2+ 51. Ke3 Ra5 52. Rb7 Kd8 53. a7 Kc8 54. Rb8+ Kc7 55. a8Q 1-0

[Event "Krapina op 10th"]
[White "Vidic, Zoran"]
[Black "Pandurevic, Miro"]
[Site "Krapina"]
[Round "2"]
[Result "0-1"]
[Date "2020.01.17"]
[WhiteElo "1927"]
[BlackElo "2199"]
[PlyCount "88"]
[EventDate "2020.01.16"]
[EventType "swiss"]
[EventRounds "7"]
[EventCountry "CRO"]
[SourceTitle "CBM 194 Extra"]
[Source "ChessBase"]
[SourceDate "2020.03.31"]
[SourceVersion "1"]
[SourceVersionDate "2020.03.31"]
[SourceQuality "1"]

1. c4 Nf6 2. Nc3 e5 3. Nf3 Nc6 4. a3 h6 5. e4 a5 6. d4 d6 7. h3 Be7 8. d5 Nb8 9. Bd3 Na6 10. Qc2 Nc5 11. Be3 b6 12. Nd2 0-0 13. 0-0-0 Nh5 14. g4 Nf4 15. Bxf4 exf4 16. Ne2 Bd7 17. Nd4 Bf6 18. Nb5 Qe7 19. Nf3 c6 20. Nbd4 Rfc8 21. Kb1 g6 22. Rdg1 Rab8 23. g5 hxg5 24. h4 g4 25. dxc6 Rxc6 26. Nxc6 Bxc6 27. Nd2 Ba4 28. b3 Qe5 29. Ka2 Bd7 30. Rb1 Qd4 31. Be2 Qxf2 32. Rbe1 f3 33. Rhf1 Qh2 34. Rh1 Qg2 35. Bd3 Be5 36. Kb1 b5 37. cxb5 Nxd3 38. Qxd3 Bxb5 39. Qc2 f2 40. Rd1 g3 41. Ka2 a4 42. bxa4 Bxa4 43. Rb1 Rxb1 44. Qxb1 f1Q 0-1

[Event "Hum na Sutli op 8th"]
[White "Vidic, Zoran"]
[Black "Zecevic, Dean"]
[Site "Hum na Sutli"]
[Round "4"]
[Result "0-1"]
[Date "2014.08.31"]
[WhiteElo "1967"]
[BlackElo "2240"]
[PlyCount "72"]
[EventDate "2014.08.29"]
[EventType "swiss"]
[EventRounds "9"]
[EventCountry "CRO"]
[SourceTitle "CBM 162 Extra"]
[Source "ChessBase"]
[SourceDate "2014.10.17"]
[SourceVersion "1"]
[SourceVersionDate "2014.10.17"]
[SourceQuality "1"]

1. e4 e5 2. Nc3 Nf6 3. f4 d5 4. fxe5 Nxe4 5. Nf3 c5 6. Bb5+ Nc6 7. 0-0 Be7 8. d3 Nxc3 9. bxc3 0-0 10. d4 c4 11. Bxc6 bxc6 12. h3 Bf5 13. Bf4 Qa5 14. Bd2 Qa4 15. Ne1 Be4 16. Kh2 c5 17. Rf2 Rab8 18. Bc1 cxd4 19. cxd4 Rb6 20. a3 Rg6 21. Nf3 Rb8 22. Ra2 c3 23. Ra1 h6 24. Ne1 Bh4 25. Be3 Bg3+ 26. Kg1 Rb2 27. Re2 Bxe1 28. Qxe1 Rxc2 29. g4 Rxe2 30. Qxe2 c2 31. Kf2 Rb6 32. Qd2 Rb1 33. Qc3 Qa6 34. Kg3 Qf1 35. e6 Qg2+ 36. Kh4 g5+ 0-1

[Event "Hum na Sutli op 8th"]
[White "Vidic, Zoran"]
[Black "Petrusic, Toni"]
[Site "Hum na Sutli"]
[Round "2"]
[Result "0-1"]
[Date "2014.08.30"]
[WhiteElo "1967"]
[BlackElo "2280"]
[PlyCount "60"]
[EventDate "2014.08.29"]
[EventType "swiss"]
[EventRounds "9"]
[EventCountry "CRO"]
[SourceTitle "CBM 162 Extra"]
[Source "ChessBase"]
[SourceDate "2014.10.17"]
[SourceVersion "1"]
[SourceVersionDate "2014.10.17"]
[SourceQuality "1"]

1. e4 c5 2. Nc3 Nc6 3. f4 g6 4. Nf3 Bg7 5. Bc4 d6 6. Ng5 e6 7. 0-0 h6 8. Nf3 Nge7 9. d3 0-0 10. a4 a6 11. Bd2 Rb8 12. Bb3 b5 13. axb5 axb5 14. Qc1 Kh7 15. Nd1 d5 16. c3 c4 17. Bc2 cxd3 18. Bxd3 Na5 19. Qc2 dxe4 20. Bxe4 Nc4 21. Nf2 b4 22. Bd3 Nxd2 23. Nxd2 Nd5 24. Nfe4 Ne3 25. Qb1 bxc3 26. Nc4 cxb2 27. Ra4 Nxf1 28. Bxf1 Qd4+ 29. Kh1 Qxe4 30. Bd3 Qxd3 0-1